000 01299nam a22003977a 4500
003 CHAP
005 20220329143437.0
008 090903s200? mx a r 00010 spa d
010 _a96687
011 _a97659
035 _a108329
040 _cCHAP
082 0 4 _a582.01662
_bR33
100 0 0 _aReyes Carrillo, José Luis.
_996771
245 1 3 _aLa polinización de los cultivos por las abejas
_c/por José Luis Reyes Carrillo y Pedro Cano Ríos
246 3 4 _iTitulo en portada :
_aPolinización de cultivos
260 _aMéxico, D.F. :
_bSAGARPA,
_c200?
300 _a78 p. :
_bcuadros, ilus.
490 0 _aManual
_v; 7
590 _aBATCH-UPD
_b10
_c20130110
_lUCH01
_h1121
590 _aBATCH-UPD
_b10
_c20130410
_lUCH01
_h0711
590 _aBATCH-UPD
_b10
_c20130913
_lUCH01
_h1817
590 _aBATCH-UPD
_b10
_c20130914
_lUCH01
_h0833
590 _aCONVERSION
_b10
_c20130109
_lUCH01
_h1353
650 1 4 _aAbejas.
_9182
650 1 4 _aCultivos.
_930221
650 1 4 _aPlantas cultivadas.
_988921
650 1 4 _aPlantas
_xFloración.
_988841
650 1 4 _aPolinización.
_990237
700 0 _aCano Ríos, Pedro.
_918428
830 0 _aManual
_v; 7
_970599
901 _aBK
911 _aen proceso
942 _cLIBRO
949 _a582.01662 R33
_bBC
_cLIBRO
_d33724002136149
_eLIBRO
_h111246
_i108329
_sb
999 _c96687
_d96687